Rtuť a životní prostředí

Bibliographic Details
Main Author: Reisenauerová, I.-Morová (Author)
Format: Article
Language:Czech

MARC

LEADER 00000nab a2200000uu 4500
001 vtls010913050
003 SK-MaSNL
005 20260303150453.0
008 230222|1978 xo |||||||||||||||||cze|
015 |a SNBRB 
035 |a (urnnbn)urn:nbn:sk:snk:ar-a096go 
035 |a (uuid)47c5a583-a79a-4c49-b911-c5de9208b6ec 
035 |a urn:nbn:sk:snk-ab91vx 
040 |a SNKBUCL  |b slo  |c SNKBUCL  |e AACR2 
041 0 |a cze 
044 |a xo  |c SK 
100 1 |a Reisenauerová, I.-Morová  |4 aut  |9 1169420 
245 1 0 |a Rtuť a životní prostředí  |c I. Reisenauerová-Morová 
773 0 |t Rádioaktivita a životné prostredie  |g Č. 6 (1978), s. 17-29 
958 |a OND 
958 |a EUIPO 
958 |a article10 
999 |c 2010982  |d 2012912